000 00487nam a2200181Ia 4500
008 191130s2007##################000#0#eng##
020 _a9788120330740
040 _aACL
_cACL
082 _a332.6457 KUM
100 _aKumar, S. S. S
245 _aFinancial derivatives
_cS.S.S.Kumar
260 _aNew Delhi
_bPHI Learning Private Limited
_c2007
300 _a401p.;24 cm
650 _aEconomics
990 _a3ec8f6e6ac10000c363def33f9251ce4
991 _a159035
999 _c183622
_d183622